000 00349nam a22001457a 4500
008 180222b xxu||||| |||| 00| 0 eng d
020 _a9780815136590
041 _aeng
080 _23rd
_a616.12-008-073 ERI
082 _a616.12-008-073 ERI
100 _a7
101 _aKARD
245 _aHeart sounds and murmurs
_cErickson,B
942 _2udc
_cBK
999 _c43116
_d43116